| 000 | 00738nam a22002177a 4500 | ||
|---|---|---|---|
| 003 | OSt | ||
| 005 | 20260629114713.0 | ||
| 008 | 260629b |||||||| |||| 00| 0 eng d | ||
| 020 | _a0932796761 | ||
| 040 | _cChuka University Library | ||
| 050 |
_aLB 1027.5 _b.M97 1997 |
||
| 100 |
_aMyrick Robert D. _931413 |
||
| 245 | _aDevelopmental Guidance and Counseling: A Practical Approach | ||
| 250 | _a3rd ed. | ||
| 260 |
_aMinneapolis _bEducational Media Corporation _c1997 |
||
| 300 | _ax 406 pages | ||
| 650 |
_aEducational Counselling...United States...Handbook ,Manuals _931414 |
||
| 650 |
_aCounselling...United States...Handbook, Manuals _931415 |
||
| 650 |
_aDevelopmental Psychology....United States _931416 |
||
| 942 |
_2lcc _cBK _n0 |
||
| 999 |
_c25317 _d25317 |
||